[Event "55. Rusia ch Femenino"]
[Site "Samara RUS"]
[Date "2005.05.19"]
[Round "5.6"]
[White "Kochetkova, Julia"]
[Black "Korbut, Ekaterina"]
[Result "1-0"]
[WhiteElo "2311"]
[BlackElo "2399"]
[PlyCount "111"]
[EventDate "2005.05.15"]
[EventType "tourn"]
[EventRounds "11"]
[EventCountry "RUS"]
[EventCategory "6"]
[Source "lmi"]
[SourceDate "2005.05.27"]

1. e4 c5 2. Nf3 g6 3. d4 cxd4 4. Nxd4 Nc6 5. c4 Nf6 6. Nc3 d6 7. Be2 Nxd4 8.
Qxd4 Bg7 9. Be3 O-O 10. Qd2 Be6 11. Rc1 Qa5 12. f3 Rfc8 13. b3 a6 14. Na4 Qxd2+
15. Kxd2 Nd7 16. g4 f5 17. gxf5 gxf5 18. Rhg1 Kh8 19. Bd3 f4 20. Bf2 Bf7 21.
Nb6 Nxb6 22. Bxb6 Bb2 23. Rc2 Ba3 24. Kd1 Bh5 25. Ke2 Rg8 26. Rxg8+ Rxg8 27.
Kf2 Rc8 28. e5 dxe5 29. Re2 Bd6 30. Be4 Be8 31. Ba5 b5 32. Bf5 Rc6 33. Be4 Bc5+
34. Ke1 Rh6 35. Bd5 b4 36. Bc7 Bd6 37. Bb6 Bb8 38. c5 Rg6 39. Kf2 Bc6 40. Rd2
Kg7 41. Bxc6 Rxc6 42. Rd8 Bd6 43. cxd6 exd6 44. Ba5 Kf6 45. Bxb4 Ke6 46. Ke2
Rc2+ 47. Kd3 Rxa2 48. Rxd6+ Kf5 49. Bd2 Ra1 50. Rh6 a5 51. Rh5+ Kf6 52. Rxe5
Ra3 53. Rxa5 Rxb3+ 54. Ke4 Kg6 55. Ra6+ Kf7 56. Bxf4 1-0

[Event "55. Rusia ch Femenino"]
[Site "Samara RUS"]
[Date "2005.05.20"]
[Round "6.2"]
[White "Kosintseva, Nadezhda"]
[Black "Kochetkova, Julia"]
[Result "1/2-1/2"]
[WhiteElo "2459"]
[BlackElo "2311"]
[PlyCount "86"]
[EventDate "2005.05.15"]
[EventType "tourn"]
[EventRounds "11"]
[EventCountry "RUS"]
[EventCategory "6"]
[Source "lmi"]
[SourceDate "2005.05.27"]

1. e4 c5 2. Nf3 Nc6 3. Bb5 g6 4. Bxc6 dxc6 5. d3 Bg7 6. h3 Nh6 7. Nc3 f6 8. Be3
b6 9. Nd2 O-O 10. f4 e5 11. fxe5 f5 12. O-O Nf7 13. exf5 Bxf5 14. e6 Ng5 15.
Qe1 Nxe6 16. Nde4 Nd4 17. Qd2 Qd7 18. Nf2 Rae8 19. Nce4 Qc7 20. c3 Ne6 21. g4
Bxe4 22. Nxe4 Be5 23. Rxf8+ Rxf8 24. Rf1 Rxf1+ 25. Kxf1 Qf7+ 26. Qf2 Bf4 27.
Ke2 g5 28. b3 a5 29. Ng3 Qf6 30. Kd2 b5 31. Nh5 Qe5 32. Bxf4 Nxf4 33. Nxf4 gxf4
34. Qe2 Qf6 35. Qe8+ Kg7 36. Qd7+ Kg6 37. Qe8+ Kg7 38. Qd7+ Kh6 39. h4 Qxh4 40.
Qe6+ Kg7 41. Qd7+ Kh6 42. Qe6+ Kg7 43. Qd7+ Kh6 1/2-1/2

[Event "55. Rusia ch Femenino"]
[Site "Samara RUS"]
[Date "2005.05.20"]
[Round "6.3"]
[White "Galliamova, Alisa"]
[Black "Gunina, Valentina"]
[Result "1-0"]
[WhiteElo "2469"]
[BlackElo "2340"]
[PlyCount "53"]
[EventDate "2005.05.15"]
[EventType "tourn"]
[EventRounds "11"]
[EventCountry "RUS"]
[EventCategory "6"]
[Source "lmi"]
[SourceDate "2005.05.27"]

1. d4 d5 2. c4 e6 3. Nc3 Nf6 4. Bg5 Be7 5. e3 O-O 6. Nf3 Nbd7 7. Qc2 a6 8. cxd5
exd5 9. Bd3 c6 10. O-O-O Re8 11. Ne5 Nf8 12. h4 N6d7 13. Nf3 b5 14. Kb1 Bb7 15.
e4 Rc8 16. Ka1 c5 17. Nxd5 Bxg5 18. hxg5 c4 19. Be2 Bxd5 20. exd5 Nb6 21. Ne5
Qxg5 22. d6 Qd8 23. Qf5 f6 24. Bh5 h6 25. Bf7+ Kh8 26. Ng6+ Nxg6 27. Qxg6 1-0

[Event "55. Rusia ch Femenino"]
[Site "Samara RUS"]
[Date "2005.05.20"]
[Round "6.4"]
[White "Yakovich, Yulija"]
[Black "Kosintseva, Tatiana"]
[Result "0-1"]
[WhiteElo "2068"]
[BlackElo "2486"]
[PlyCount "60"]
[EventDate "2005.05.15"]
[EventType "tourn"]
[EventRounds "11"]
[EventCountry "RUS"]
[EventCategory "6"]
[Source "lmi"]
[SourceDate "2005.05.27"]

1. e4 c5 2. Nf3 Nc6 3. d4 cxd4 4. Nxd4 Nf6 5. Nc3 d6 6. Be3 Ng4 7. Bb5 Nxe3 8.
fxe3 Bd7 9. O-O e6 10. Bxc6 bxc6 11. Qf3 Qf6 12. Qe2 Qg5 13. Rf3 e5 14. Rg3 Qd8
15. Nf3 g6 16. Rf1 Be7 17. h3 O-O 18. Nd2 Be6 19. Nb3 a5 20. Na4 Qb8 21. Nd2 d5
22. b3 Qa7 23. Rd1 Rad8 24. Rf3 dxe4 25. Nxe4 Rxd1+ 26. Qxd1 f5 27. Nd2 e4 28.
Rf2 Qxe3 29. Qe2 Qa7 30. Nc4 Bh4 0-1

[Event "55. Rusia ch Femenino"]
[Site "Samara RUS"]
[Date "2005.05.20"]
[Round "6.5"]
[White "Pogonina, Natalija"]
[Black "Zaiatz, Elena"]
[Result "1/2-1/2"]
[WhiteElo "2355"]
[BlackElo "2398"]
[PlyCount "35"]
[EventDate "2005.05.15"]
[EventType "tourn"]
[EventRounds "11"]
[EventCountry "RUS"]
[EventCategory "6"]
[Source "lmi"]
[SourceDate "2005.05.27"]

1. e4 e5 2. Nf3 Nc6 3. Nc3 Nf6 4. d4 exd4 5. Nxd4 Bb4 6. Nxc6 bxc6 7. Bd3 d5 8.
exd5 cxd5 9. Qe2+ Be7 10. O-O O-O 11. Re1 Be6 12. Bg5 c6 13. Na4 Re8 14. c3 h6
15. Bh4 Bd6 16. Bg3 Bxg3 17. hxg3 Qa5 18. Qc2 1/2-1/2

[Event "55. Rusia ch Femenino"]
[Site "Samara RUS"]
[Date "2005.05.20"]
[Round "6.6"]
[White "Matveeva, Svetlana"]
[Black "Kosteniuk, Alexandra"]
[Result "0-1"]
[WhiteElo "2423"]
[BlackElo "2492"]
[PlyCount "36"]
[EventDate "2005.05.15"]
[EventType "tourn"]
[EventRounds "11"]
[EventCountry "RUS"]
[EventCategory "6"]
[Source "lmi"]
[SourceDate "2005.05.27"]

1. d4 d5 2. c4 c6 3. Nc3 Nf6 4. Nf3 dxc4 5. a4 Bf5 6. Ne5 e6 7. Nxc4 Bb4 8. f3
O-O 9. e4 Nxe4 10. fxe4 Qh4+ 11. Kd2 Qxe4 12. Qf3 Qxd4+ 13. Ke1 Nd7 14. Bf4 e5
15. Bd2 Bg4 16. Qg3 Nc5 17. Rc1 Rad8 18. Be3 Bxc3+ 0-1

[Event "55. Rusia ch Femenino"]
[Site "Samara RUS"]
[Date "2005.05.22"]
[Round "7.1"]
[White "Kosteniuk, Alexandra"]
[Black "Kovalevskaya, Ekaterina"]
[Result "1/2-1/2"]
[WhiteElo "2492"]
[BlackElo "2469"]
[PlyCount "102"]
[EventDate "2005.05.15"]
[EventType "tourn"]
[EventRounds "11"]
[EventCountry "RUS"]
[EventCategory "6"]
[Source "lmi"]
[SourceDate "2005.05.27"]

1. d4 Nf6 2. Nc3 d5 3. Bg5 c6 4. Bxf6 gxf6 5. e4 dxe4 6. Nxe4 Bf5 7. Ng3 Bg6 8.
h4 h6 9. Bc4 e6 10. N1e2 Qc7 11. Qd2 h5 12. Nc3 Nd7 13. Qe2 O-O-O 14. Bb3 Bh6
15. Nge4 Bxe4 16. Nxe4 Rdg8 17. Ng3 Bf4 18. Nf1 Rxg2 19. Qf3 Rg4 20. c3 f5 21.
Bd1 Nf6 22. Qd3 Rg7 23. Bf3 Rd8 24. b4 Ng4 25. Qc2 Kb8 26. Rd1 Rg6 27. Ke2 e5
28. Qxf5 exd4 29. Bxg4 hxg4 30. Rxd4 Rxd4 31. cxd4 Qe7+ 32. Ne3 Bh6 33. Qe5+
Qxe5 34. dxe5 Kc7 35. Rg1 Bf4 36. Rxg4 Bxe5 37. h5 Rh6 38. Rg5 Bf4 39. Rf5 Bxe3
40. Kxe3 f6 41. Kf4 Kd6 42. Kg4 Ke6 43. Rf3 Rh8 44. Rh3 Kf7 45. f4 Rd8 46. Re3
Rd2 47. a3 Rg2+ 48. Kf3 Rh2 49. Kg4 Rg2+ 50. Kf3 Rh2 51. Kg4 Rg2+ 1/2-1/2

[Event "55. Rusia ch Femenino"]
[Site "Samara RUS"]
[Date "2005.05.22"]
[Round "7.2"]
[White "Zaiatz, Elena"]
[Black "Matveeva, Svetlana"]
[Result "0-1"]
[WhiteElo "2398"]
[BlackElo "2423"]
[PlyCount "128"]
[EventDate "2005.05.15"]
[EventType "tourn"]
[EventRounds "11"]
[EventCountry "RUS"]
[EventCategory "6"]
[Source "lmi"]
[SourceDate "2005.05.27"]

1. d4 d5 2. c4 e6 3. Nc3 Nf6 4. cxd5 exd5 5. Bg5 Be7 6. e3 O-O 7. Bd3 Nbd7 8.
Qc2 Re8 9. Nf3 Nf8 10. h3 c6 11. Bf4 Ng6 12. Bh2 Bd6 13. Bxd6 Qxd6 14. O-O-O
Be6 15. Kb1 Rac8 16. Rc1 b6 17. Qa4 Qe7 18. g4 c5 19. Ne5 Nxe5 20. dxe5 Nd7 21.
Bb5 a6 22. Qxa6 d4 23. exd4 cxd4 24. Na4 Ra8 25. Qb7 Nxe5 26. Qxe7 Rxe7 27.
Rhd1 f5 28. f4 Ra5 29. fxe5 Rxb5 30. Rxd4 fxg4 31. hxg4 Rxe5 32. Nxb6 Rg5 33.
a4 Bxg4 34. Nc4 h5 35. a5 h4 36. a6 Bf5+ 37. Ka2 Ra7 38. Rxh4 Rxa6+ 39. Kb3 Be6
40. Kb4 Ra8 41. Re1 Rb8+ 42. Kc3 Rg3+ 43. Kd4 Bxc4 44. Kxc4 Rxb2 45. Ree4 Rd2
46. Rd4 Re2 47. Rde4 Rc2+ 48. Kd4 Ra3 49. Rhg4 Rb2 50. Ke5 Rf2 51. Rd4 Re3+ 52.
Rde4 Rxe4+ 53. Kxe4 Kf7 54. Ke3 Rf1 55. Ke4 Kf6 56. Rg3 g6 57. Ke3 Kf5 58. Ke2
Rf4 59. Ke3 g5 60. Rg1 g4 61. Ke2 Kg5 62. Rf1 g3 63. Ra1 Kg4 64. Rh1 Re4+ 0-1

[Event "55. Rusia ch Femenino"]
[Site "Samara RUS"]
[Date "2005.05.22"]
[Round "7.3"]
[White "Kosintseva, Tatiana"]
[Black "Pogonina, Natalija"]
[Result "1-0"]
[WhiteElo "2486"]
[BlackElo "2355"]
[PlyCount "61"]
[EventDate "2005.05.15"]
[EventType "tourn"]
[EventRounds "11"]
[EventCountry "RUS"]
[EventCategory "6"]
[Source "lmi"]
[SourceDate "2005.05.27"]

1. e4 c5 2. Nf3 d6 3. d4 cxd4 4. Nxd4 Nf6 5. Nc3 g6 6. Be3 Bg7 7. f3 O-O 8. Qd2
Nc6 9. O-O-O Nxd4 10. Bxd4 Be6 11. Kb1 Qc7 12. h4 Rfc8 13. h5 Qa5 14. hxg6 hxg6
15. a3 Rab8 16. Bd3 Bc4 17. Bxc4 Rxc4 18. Qc1 e6 19. g4 b5 20. g5 Nh5 21. Bxg7
Kxg7 22. Rxh5 gxh5 23. Qf4 Qd8 24. Rxd6 Qc7 25. Qf6+ Kg8 26. g6 b4 27. Nb5 Qb7
28. Rd8+ Rxd8 29. Qxd8+ Kg7 30. Nd6 Qc6 31. gxf7 1-0

[Event "55. Rusia ch Femenino"]
[Site "Samara RUS"]
[Date "2005.05.22"]
[Round "7.4"]
[White "Gunina, Valentina"]
[Black "Yakovich, Yulija"]
[Result "1-0"]
[WhiteElo "2340"]
[BlackElo "2068"]
[PlyCount "73"]
[EventDate "2005.05.15"]
[EventType "tourn"]
[EventRounds "11"]
[EventCountry "RUS"]
[EventCategory "6"]
[Source "lmi"]
[SourceDate "2005.05.27"]

1. d4 d5 2. c4 dxc4 3. e3 e6 4. Bxc4 c5 5. Nf3 a6 6. Bb3 Nf6 7. O-O Nbd7 8.
Nbd2 b5 9. a4 Bb7 10. axb5 axb5 11. Rxa8 Qxa8 12. Qe2 c4 13. Bc2 Nd5 14. e4 Nb4
15. Bb1 Be7 16. Qe3 O-O 17. b3 Qa1 18. bxc4 bxc4 19. Ba3 c3 20. Nc4 Ba6 21. e5
Kh8 22. Bxh7 Qa2 23. Bb1 Qxc4 24. Nd2 Qxf1+ 25. Nxf1 c2 26. Bxc2 Nxc2 27. Qh3+
Kg8 28. Bxe7 Rb8 29. Nd2 Nxd4 30. Qa3 Ne2+ 31. Kh1 Rc8 32. h4 Nxe5 33. f3 Rc6
34. Ne4 Ng6 35. h5 Ngf4 36. Qa5 f5 37. Qd8+ 1-0

[Event "55. Rusia ch Femenino"]
[Site "Samara RUS"]
[Date "2005.05.22"]
[Round "7.5"]
[White "Kochetkova, Julia"]
[Black "Galliamova, Alisa"]
[Result "0-1"]
[WhiteElo "2311"]
[BlackElo "2469"]
[PlyCount "94"]
[EventDate "2005.05.15"]
[EventType "tourn"]
[EventRounds "11"]
[EventCountry "RUS"]
[EventCategory "6"]
[Source "lmi"]
[SourceDate "2005.05.27"]

1. e4 c5 2. Nf3 Nc6 3. d4 cxd4 4. Nxd4 Nf6 5. Nc3 d6 6. Bg5 Bd7 7. Qd2 Rc8 8.
O-O-O Nxd4 9. Qxd4 Qa5 10. Bxf6 gxf6 11. Kb1 Qc5 12. Qd2 Bg7 13. Nd5 f5 14. Bd3
h6 15. Rhe1 e6 16. Nf4 Qb6 17. c4 fxe4 18. Rxe4 h5 19. Rde1 Rc5 20. Nd5 Qd8 21.
R4e3 Kf8 22. Nf4 Rh6 23. Be2 Qc7 24. Rc1 a5 25. Rd1 Be8 26. g3 h4 27. g4 Rf6
28. Nh5 Rxf2 29. Nxg7 Kxg7 30. Qd4+ e5 31. Rxe5 Rxe5 32. Qxf2 Qc5 33. Qf1 Bc6
34. a3 Qe3 35. Bd3 Bf3 36. Rc1 Bxg4 37. Bc2 b6 38. Qg2 Qf3 39. Qd2 Bf5 40. Qg5+
Bg6 41. Qxh4 Qf6 42. Qg3 Re2 43. h3 Kh6 44. Qb3 a4 45. Qc3 Qxc3 46. bxc3 Rxc2
47. Rxc2 Kg5 0-1

[Event "55. Rusia ch Femenino"]
[Site "Samara RUS"]
[Date "2005.05.22"]
[Round "7.6"]
[White "Korbut, Ekaterina"]
[Black "Kosintseva, Nadezhda"]
[Result "1-0"]
[WhiteElo "2399"]
[BlackElo "2459"]
[PlyCount "89"]
[EventDate "2005.05.15"]
[EventType "tourn"]
[EventRounds "11"]
[EventCountry "RUS"]
[EventCategory "6"]
[Source "lmi"]
[SourceDate "2005.05.27"]

1. e4 c5 2. Nf3 d6 3. d4 cxd4 4. Nxd4 Nf6 5. Nc3 g6 6. Be2 Bg7 7. Be3 Nc6 8.
Nb3 O-O 9. f4 Be6 10. g4 Rc8 11. g5 Nd7 12. Qd2 Nb6 13. O-O-O Nb4 14. Bd4 Nxa2+
15. Nxa2 Bxb3 16. Nc3 Nc4 17. Bxc4 Bxc4 18. Bxg7 Kxg7 19. b3 Be6 20. h4 Bg4 21.
Rdg1 Bh5 22. Nd5 Rc5 23. f5 e6 24. Nf6 Qa5 25. Qxa5 Rxa5 26. fxe6 fxe6 27. Kd2
Rc8 28. Rh2 Rac5 29. Kc1 a5 30. Rd2 R5c6 31. Rg3 Rd8 32. Kb2 b5 33. Rgd3 Kh8
34. c4 bxc4 35. bxc4 Rb8+ 36. Ka3 Rxc4 37. Rxd6 Rc3+ 38. Ka4 Rc4+ 39. Kxa5 Rc5+
40. Ka6 Ra8+ 41. Kb7 Rcc8 42. Rd7 Rab8+ 43. Ka7 Ra8+ 44. Kb6 Rab8+ 45. Rb7 1-0

[Event "55. Rusia ch Femenino"]
[Site "Samara RUS"]
[Date "2005.05.23"]
[Round "8.2"]
[White "Galliamova, Alisa"]
[Black "Korbut, Ekaterina"]
[Result "1-0"]
[WhiteElo "2469"]
[BlackElo "2399"]
[PlyCount "107"]
[EventDate "2005.05.15"]
[EventType "tourn"]
[EventRounds "11"]
[EventCountry "RUS"]
[EventCategory "6"]
[Source "lmi"]
[SourceDate "2005.05.27"]

1. e4 c5 2. Ne2 Nc6 3. d4 cxd4 4. Nxd4 g6 5. c4 Nf6 6. Nc3 d6 7. Be2 Nxd4 8.
Qxd4 Bg7 9. Be3 O-O 10. Qd2 Be6 11. Rc1 Qa5 12. f3 Rfc8 13. b3 a6 14. Na4 Qxd2+
15. Kxd2 Nd7 16. g4 f5 17. exf5 gxf5 18. h3 Rf8 19. f4 Rad8 20. g5 d5 21. cxd5
Bxd5 22. Rhd1 e5 23. Ke1 Bc6 24. Bxa6 exf4 25. Bxf4 Ne5 26. Be2 Ng6 27. Bc7 Ra8
28. Rc4 f4 29. Kf2 f3 30. Bf1 Ne5 31. Rb4 Rfc8 32. Bxe5 Bxe5 33. Bb5 Bxb5 34.
Rxb5 Rc2+ 35. Kxf3 Rf8+ 36. Kg4 Re2 37. Nc5 Rf4+ 38. Kh5 Bd4 39. Nd7 Re7 40.
Rd5 Ree4 41. Nf6+ Bxf6 42. gxf6 Kf7 43. Kg5 h6+ 44. Kxh6 Kxf6 45. Rd6+ Ke7 46.
Rd7+ Ke8 47. Rd8+ Ke7 48. R1d7+ Ke6 49. Rxb7 Rh4+ 50. Kg6 Ref4 51. Re8+ Kd6 52.
Kg5 Kc6 53. Ree7 Kd6 54. Rh7 1-0

[Event "55. Rusia ch Femenino"]
[Site "Samara RUS"]
[Date "2005.05.23"]
[Round "8.3"]
[White "Yakovich, Yulija"]
[Black "Kochetkova, Julia"]
[Result "1-0"]
[WhiteElo "2068"]
[BlackElo "2311"]
[PlyCount "75"]
[EventDate "2005.05.15"]
[EventType "tourn"]
[EventRounds "11"]
[EventCountry "RUS"]
[EventCategory "6"]
[Source "lmi"]
[SourceDate "2005.05.27"]

1. e4 e5 2. Nf3 Nf6 3. Nxe5 d6 4. Nf3 Nxe4 5. Nc3 Nxc3 6. dxc3 Be7 7. Bf4 O-O
8. Qd2 Nd7 9. O-O-O Nc5 10. Nd4 Ne6 11. Be3 Nxd4 12. cxd4 c6 13. Bd3 Be6 14.
Kb1 b5 15. h4 Rb8 16. h5 b4 17. g4 Qa5 18. b3 c5 19. g5 c4 20. Bxh7+ Kxh7 21.
g6+ fxg6 22. h6 Rf5 23. hxg7+ Kxg7 24. d5 Rxd5 25. Bd4+ Rxd4 26. Qxd4+ Bf6 27.
Rh7+ Kxh7 28. Qxf6 Qh5 29. Re1 Re8 30. bxc4 Qh3 31. f3 a5 32. Re4 Kg8 33. Rh4
Qxh4 34. Qxh4 Rc8 35. Qf6 Bf5 36. Qxd6 Re8 37. Qd5+ Kh7 38. Qf7+ 1-0

[Event "55. Rusia ch Femenino"]
[Site "Samara RUS"]
[Date "2005.05.23"]
[Round "8.4"]
[White "Pogonina, Natalija"]
[Black "Gunina, Valentina"]
[Result "1/2-1/2"]
[WhiteElo "2355"]
[BlackElo "2340"]
[PlyCount "99"]
[EventDate "2005.05.15"]
[EventType "tourn"]
[EventRounds "11"]
[EventCountry "RUS"]
[EventCategory "6"]
[Source "lmi"]
[SourceDate "2005.05.27"]

1. e4 e6 2. d4 d5 3. Nd2 Nf6 4. e5 Nfd7 5. Bd3 c5 6. c3 b6 7. Ne2 Ba6 8. Bxa6
Nxa6 9. O-O Be7 10. Nf3 O-O 11. Be3 Nab8 12. Qd2 Nc6 13. Rac1 b5 14. Bg5 h6 15.
Bxe7 Qxe7 16. Ng3 Rfc8 17. Rfe1 Rc7 18. dxc5 Nxc5 19. Nd4 a6 20. f4 Rac8 21.
Nf3 Rd8 22. Qe3 Qf8 23. Kh1 b4 24. Nd4 bxc3 25. Rxc3 Nxd4 26. Qxd4 Rdc8 27.
Rec1 a5 28. h3 Qe7 29. f5 Na6 30. Qb6 Rxc3 31. Rxc3 Rxc3 32. bxc3 Nc5 33. fxe6
fxe6 34. Qxa5 Nd3 35. Qb5 Nf4 36. Ne2 Ng6 37. Ng1 Qc7 38. Qe8+ Nf8 39. Nf3 Qxc3
40. Kh2 d4 41. Qd8 d3 42. a4 Qc4 43. a5 Kf7 44. Qd6 Ng6 45. a6 Qf4+ 46. Kh1
Qc1+ 47. Kh2 Qf4+ 48. Kh1 Qc1+ 49. Kh2 Qf4+ 50. Kh1 1/2-1/2

[Event "55. Rusia ch Femenino"]
[Site "Samara RUS"]
[Date "2005.05.23"]
[Round "8.5"]
[White "Matveeva, Svetlana"]
[Black "Kosintseva, Tatiana"]
[Result "0-1"]
[WhiteElo "2423"]
[BlackElo "2486"]
[PlyCount "62"]
[EventDate "2005.05.15"]
[EventType "tourn"]
[EventRounds "11"]
[EventCountry "RUS"]
[EventCategory "6"]
[Source "lmi"]
[SourceDate "2005.05.27"]

1. d4 Nf6 2. c4 e6 3. Nc3 Bb4 4. Qc2 O-O 5. a3 Bxc3+ 6. Qxc3 b6 7. Nf3 Ba6 8.
Bg5 d6 9. e3 Nbd7 10. b4 c5 11. Bd3 cxd4 12. exd4 Rc8 13. Qb3 e5 14. dxe5 dxe5
15. Be2 h6 16. Be3 e4 17. Nd4 Ne5 18. b5 Bb7 19. O-O Nfd7 20. Rfd1 Nc5 21. Qa2
Ncd3 22. Bxd3 exd3 23. Rac1 Rxc4 24. Rxc4 Qd5 25. Nc6 Bxc6 26. bxc6 Nxc4 27.
Bf4 Qxc6 28. Qb3 Qe4 29. g3 Rd8 30. f3 Qxf3 31. Rc1 Ne3 0-1

[Event "55. Rusia ch Femenino"]
[Site "Samara RUS"]
[Date "2005.05.23"]
[Round "8.6"]
[White "Kosteniuk, Alexandra"]
[Black "Zaiatz, Elena"]
[Result "1/2-1/2"]
[WhiteElo "2492"]
[BlackElo "2398"]
[PlyCount "105"]
[EventDate "2005.05.15"]
[EventType "tourn"]
[EventRounds "11"]
[EventCountry "RUS"]
[EventCategory "6"]
[Source "lmi"]
[SourceDate "2005.05.27"]

1. e4 e5 2. Nf3 Nc6 3. d4 exd4 4. Nxd4 Qf6 5. Be3 Bc5 6. c3 Nge7 7. Bc4 Ne5 8.
Be2 d5 9. O-O O-O 10. f4 N5c6 11. e5 Qh4 12. Bf2 Qh6 13. Nb5 Bxf2+ 14. Rxf2 Bf5
15. Nxc7 Rad8 16. Nb5 f6 17. exf6 Qxf6 18. Nd2 a6 19. Na3 d4 20. Bc4+ Kh8 21.
Qf3 b5 22. Bb3 dxc3 23. Qxc3 Nd4 24. Re1 Nec6 25. Qe3 Nb4 26. Ne4 Qg6 27. Nc5
Rfe8 28. Qc3 Nxb3 29. axb3 Nd3 30. Nxd3 Rxd3 31. Rxe8+ Qxe8 32. Qe5 Qxe5 33.
fxe5 g6 34. Re2 Kg7 35. Nc2 Rd1+ 36. Ne1 Be6 37. Kf2 Bxb3 38. Nf3 Kf7 39. Ke3
Ke7 40. g3 Bd5 41. Nd4 a5 42. Rc2 Re1+ 43. Kd2 Rxe5 44. Rc7+ Kf6 45. Nxb5 Rh5
46. h4 g5 47. hxg5+ Kxg5 48. Nd4 Kf6 49. Ra7 Ke5 50. Ke3 Rh2 51. Ne2 Bc4 52.
Rxa5+ Kf6 53. Nf4 1/2-1/2

[Event "55. Rusia ch Femenino"]
[Site "Samara RUS"]
[Date "2005.05.24"]
[Round "9.1"]
[White "Zaiatz, Elena"]
[Black "Kovalevskaya, Ekaterina"]
[Result "1/2-1/2"]
[WhiteElo "2398"]
[BlackElo "2469"]
[PlyCount "185"]
[EventDate "2005.05.15"]
[EventType "tourn"]
[EventRounds "11"]
[EventCountry "RUS"]
[EventCategory "6"]
[Source "lmi"]
[SourceDate "2005.05.27"]

1. d4 g6 2. c4 Bg7 3. e4 d6 4. Nc3 e5 5. dxe5 dxe5 6. Qxd8+ Kxd8 7. f4 Nc6 8.
Nf3 Be6 9. fxe5 Nxe5 10. Bg5+ Kc8 11. c5 c6 12. Be2 Nd7 13. Be3 Ngf6 14. Ng5
Ne5 15. O-O Kc7 16. Rad1 Nfd7 17. b4 h6 18. Nxe6+ fxe6 19. b5 Rhf8 20. Rxf8
Rxf8 21. a4 Nf7 22. Rc1 Bxc3 23. Rxc3 g5 24. Rb3 Nfe5 25. h3 a6 26. bxa6 bxa6
27. a5 Ra8 28. Bd4 Nf7 29. Bg4 Nd8 30. Bf2 Ra7 31. Bg3+ Kc8 32. Bd6 Rb7 33.
Rxb7 Nxb7 34. Bxe6 Kd8 35. Bxd7 Kxd7 36. Bf8 h5 37. Kf2 Nxa5 38. Ke3 Nb7 39. g4
hxg4 40. hxg4 Ke6 41. Kd4 Nd8 42. Bd6 Nf7 43. Bc7 Ke7 44. Ba5 Kf6 45. Bd2 Ke6
46. Ba5 Ne5 47. Bd8 a5 48. Bxa5 Nxg4 49. Bc7 Kf6 50. Kd3 Ne5+ 51. Ke3 Ke6 52.
Bd8 Nf7 53. Bc7 Kf6 54. Kf3 Kg6 55. Kg4 Nh6+ 56. Kg3 Ng8 57. Bd8 Nf6 58. Kf3
Nd7 59. Be7 Kh5 60. Kg3 Ne5 61. Bd6 Ng6 62. Bc7 Nf8 63. Bd6 Ne6 64. Be7 Nc7 65.
Bd6 Ne6 66. Be7 Nd4 67. Bf6 Ne2+ 68. Kf3 Nf4 69. Kg3 Kg6 70. Be7 Nh5+ 71. Kg4
Nf6+ 72. Kf3 Kf7 73. Bd8 Ke6 74. Ke3 Nh7 75. Bc7 Nf8 76. Bd8 Nh7 77. Bc7 Kd7
78. Be5 Ke7 79. Bd6+ Kf7 80. Kf3 Kg6 81. Be7 Nf6 82. Bd8 Nd7 83. Be7 Nf6 84.
Bd8 Kf7 85. Bc7 Ke7 86. Bd6+ Ke6 87. Bc7 g4+ 88. Kf4 g3 89. Kf3 g2 90. Bh2 Kf7
91. Bg1 Ke6 92. Bh2 Kf7 93. Bg1 1/2-1/2

[Event "55. Rusia ch Femenino"]
[Site "Samara RUS"]
[Date "2005.05.24"]
[Round "9.3"]
[White "Gunina, Valentina"]
[Black "Matveeva, Svetlana"]
[Result "1/2-1/2"]
[WhiteElo "2340"]
[BlackElo "2423"]
[PlyCount "166"]
[EventDate "2005.05.15"]
[EventType "tourn"]
[EventRounds "11"]
[EventCountry "RUS"]
[EventCategory "6"]
[Source "lmi"]
[SourceDate "2005.05.27"]

1. d4 d5 2. c4 dxc4 3. e3 e6 4. Bxc4 c5 5. Nf3 a6 6. Bb3 Nf6 7. O-O b5 8. a4 b4
9. Nbd2 Bb7 10. e4 Be7 11. e5 Nfd7 12. Nc4 O-O 13. Bc2 cxd4 14. Qxd4 Bd5 15.
Qg4 f5 16. exf6 Nxf6 17. Qd4 Nc6 18. Qd3 Qc7 19. Ng5 b3 20. Bxb3 Rab8 21. Nd2
Rxb3 22. Nxb3 h6 23. Nh3 Qb7 24. Bxh6 gxh6 25. Nd2 Bd6 26. Nc4 Qg7 27. f3 Bc5+
28. Kh1 Nd7 29. Ne3 Nde5 30. Qc3 Bd4 31. Qc1 Nd3 32. Qd2 Ncb4 33. Nxd5 exd5 34.
Ra3 Qg6 35. Rd1 Re8 36. g3 Be3 37. Qc3 Qf5 38. Kg2 Rc8 39. g4 Rxc3 40. gxf5
Rc2+ 41. Kg3 Nxb2 42. Re1 d4 43. Rb3 a5 44. Rexe3 dxe3 45. Rxe3 Rc5 46. Kg4
Nxa4 47. Re6 Nc3 48. Rxh6 Ncd5 49. Rg6+ Kf8 50. Ng5 Rc4+ 51. Kg3 Ne7 52. Nh7+
Kf7 53. Ng5+ Ke8 54. Re6 Kd7 55. f6 Nf5+ 56. Kg2 Rc2+ 57. Kh3 Rc8 58. Kg4 Nd6
59. Re7+ Kc6 60. f7 Nd5 61. Re1 Nf6+ 62. Kf4 Kd7 63. Rd1 Ke7 64. Re1+ Kf8 65.
Re6 Nd5+ 66. Ke5 Nxf7+ 67. Nxf7 Kxf7 68. Kxd5 Rd8+ 69. Ke5 Rh8 70. Rf6+ Kg7 71.
Ra6 Rxh2 72. f4 Re2+ 73. Kf5 Ra2 74. Ra7+ Kh6 75. Kf6 a4 76. f5 a3 77. Ra8 Kh7
78. Kf7 Rf2 79. f6 a2 80. Ra3 Kh6 81. Ra5 Rb2 82. Ra8 Rb7+ 83. Ke6 Rb6+ 1/2-1/2

[Event "55. Rusia ch Femenino"]
[Site "Samara RUS"]
[Date "2005.05.24"]
[Round "9.4"]
[White "Kochetkova, Julia"]
[Black "Pogonina, Natalija"]
[Result "1/2-1/2"]
[WhiteElo "2311"]
[BlackElo "2355"]
[PlyCount "126"]
[EventDate "2005.05.15"]
[EventType "tourn"]
[EventRounds "11"]
[EventCountry "RUS"]
[EventCategory "6"]
[Source "lmi"]
[SourceDate "2005.05.27"]

1. e4 c5 2. Nf3 d6 3. d4 cxd4 4. Nxd4 Nf6 5. Nc3 g6 6. f3 Bg7 7. Be3 O-O 8. Qd2
Nc6 9. Bc4 Bd7 10. O-O-O Rc8 11. Bb3 Ne5 12. h4 h5 13. Bg5 Rc5 14. Kb1 Re8 15.
Bh6 Nc4 16. Bxc4 Rxc4 17. Bxg7 Kxg7 18. Rhe1 Qa5 19. Nb3 Qc7 20. f4 Bg4 21. Rc1
a6 22. e5 dxe5 23. fxe5 Ng8 24. Nd5 Qd7 25. Qd3 Rcc8 26. Qd4 Qc6 27. Ne3 Be6
28. g4 hxg4 29. Nxg4 Qc4 30. Ne3 Qxd4 31. Nxd4 Bd7 32. h5 Rc5 33. hxg6 fxg6 34.
e6 Bc8 35. Rg1 Rf8 36. Rce1 Nh6 37. c3 b5 38. Nec2 Rf6 39. Nb4 Nf5 40. Nd3 Nxd4
41. Nxc5 Nf3 42. Rh1 Nxe1 43. Rxe1 g5 44. Kc2 Rf2+ 45. Kd3 Kg6 46. Rg1 Rf4 47.
Rh1 Rf6 48. Re1 Rf5 49. Kd4 g4 50. Rh1 Kg7 51. b4 g3 52. Rg1 Rf3 53. Ne4 Bxe6
54. Rxg3+ Rxg3 55. Nxg3 Bxa2 56. Ne4 Be6 57. Kc5 Bf5 58. Nf2 e5 59. c4 Bd7 60.
cxb5 Bxb5 61. Kd6 Kf6 62. Ng4+ Kf5 63. Nxe5 Ke4 1/2-1/2

[Event "55. Rusia ch Femenino"]
[Site "Samara RUS"]
[Date "2005.05.24"]
[Round "9.5"]
[White "Korbut, Ekaterina"]
[Black "Yakovich, Yulija"]
[Result "1-0"]
[WhiteElo "2399"]
[BlackElo "2068"]
[PlyCount "65"]
[EventDate "2005.05.15"]
[EventType "tourn"]
[EventRounds "11"]
[EventCountry "RUS"]
[EventCategory "6"]
[Source "lmi"]
[SourceDate "2005.05.27"]

1. e4 c5 2. Nf3 e6 3. Nc3 Nc6 4. Bb5 Nd4 5. O-O a6 6. Bd3 Ne7 7. Re1 Nec6 8.
Nxd4 cxd4 9. Ne2 d5 10. exd5 Qxd5 11. Ng3 Be7 12. Be4 Qd6 13. d3 O-O 14. f4 Bd7
15. f5 Bh4 16. Qh5 Bf6 17. fxe6 g6 18. exf7+ Rxf7 19. Qd5 Qc7 20. Bd2 Bg4 21.
Rf1 Kg7 22. Bf4 Qd7 23. Qxd7 Rxd7 24. Bh6+ Kxh6 25. Rxf6 Kg7 26. Rxc6 bxc6 27.
Bxc6 Rc8 28. Bxd7 Bxd7 29. Rc1 Bb5 30. Ne2 a5 31. Nxd4 Bxd3 32. Nb3 Bc4 33.
Nxa5 1-0